Minos
| Autores Corporativos: | , , , |
|---|---|
| Formato: | Electrónico Seriadas |
| Lenguaje: | inglés francés alemán italiano español |
| Publicado: |
Salamanca :
Consejo Superior de Investigaciones Científicas, Colegio Trilingüe de la Universidad
|
| Colección: | Theses et studia philologica Salmanticensia.
|
| Materias: | |
| Acceso en línea: | Full text available from PRISMA Database with HAPI Index: 01/01/2002 to 01/31/2002 Full text available from Research Library: 01/01/2002 to 01/31/2002 |
MARC
| LEADER | 00000nas a2200000 a 4500 | ||
|---|---|---|---|
| 001 | ssj0000563370 | ||
| 003 | WaSeSS | ||
| 005 | 20200512172242.0 | ||
| 006 | m d | ||
| 007 | cr n | ||
| 008 | 751101c19519999sp x s 0 b0eng c | ||
| 010 | |a 60027413 | ||
| 022 | |l 0544-3733 |y 0544-3733 | ||
| 030 | |a MNOSED | ||
| 035 | |a (WaSeSS)ssj0000563370 | ||
| 040 | |a MUL |b eng |c MUL |d COO |d AIP |d NSD |d DLC |d NST |d DLC |d HUL |d CAS |d NST |d HUL |d SYS |d OCLCQ |d NLGGC |d CLU |d OCLCQ |d WAU |d OCLCQ |d OCLCF |d OCLCO |d OCLCA |d OCLCQ |d T9K |d OCLCQ |d WaSeSS | ||
| 041 | 0 | |a eng |a fre |a ger |a ita |a spa | |
| 042 | |a nsdp |a pcc | ||
| 050 | 0 | 0 | |a P1035 |b .M5 |
| 050 | 1 | 4 | |a PA9 |b .M66 |
| 210 | 1 | |a Minos | |
| 222 | 0 | |a Minos | |
| 245 | 0 | 0 | |a Minos |h [electronic resource]. |
| 260 | |a Salamanca : |b Consejo Superior de Investigaciones Científicas, Colegio Trilingüe de la Universidad | ||
| 310 | |a Irregular, |b vol. 6- | ||
| 321 | |a Annual, |b vol. <2>-3 | ||
| 321 | |a 2 no. a year, |b vol. 4-5 | ||
| 362 | 1 | |a Began in 1951. | |
| 490 | 1 | |3 Vols. 1-3: |a Theses et studia philologica Salmanticensia | |
| 506 | |a License restrictions may limit access. | ||
| 515 | |a Volumes for 1968-2002/2003 called N.S. 9-37/38. | ||
| 515 | |a Suspended with N.S. 37/38 (2002/2003); resumed with Vol. 39 (2016). | ||
| 546 | |a English, French, German, Italian, and Spanish. | ||
| 550 | |a Issued by: Colegio Trilingüe de la Universidad de Salamanca, 1951-1955; by: Seminario de Filología Clásica, Universidad de Salamanca1956-1967; by: Universidad de Salamanca, 1968-1977; by: Ediciones Universidad de Salamanca, 1981- | ||
| 588 | |a Description based on: Vol. 2, fasc. 1, published in 1952. | ||
| 588 | |a Latest issue consulted: Vol. 39 (2016). | ||
| 650 | 0 | |a Inscriptions, Greek. | |
| 650 | 0 | |a Classical philology |v Periodicals. | |
| 650 | 7 | |a Classical philology. |2 fast |0 (OCoLC)fst00863532 | |
| 650 | 7 | |a Inscriptions, Greek. |2 fast |0 (OCoLC)fst00973878 | |
| 650 | 1 | 7 | |a Cultuurgeschiedenis. |2 gtt |
| 650 | 1 | 7 | |a Oudheid. |2 gtt |
| 655 | 0 | |a Electronic journals. | |
| 710 | 2 | |a Universidad de Salamanca. | |
| 710 | 2 | |a Universidad de Salamanca. |b Colegio Trilingüe. | |
| 710 | 2 | |a Universidad de Salamanca. |b Seminario de Filología Clásica. | |
| 710 | 2 | |a Ediciones Universidad de Salamanca. | |
| 770 | 0 | |t Suplementos a "Minos" |w (DLC) 88646979 |w (OCoLC)18178414 | |
| 830 | 0 | |a Theses et studia philologica Salmanticensia. | |
| 850 | |a DCHS |a DLC |a NBuU |a NNC |a NcU |a TU | ||
| 853 | 0 | 3 | |8 1 |a v. |b fasc. |i (year) |
| 853 | 0 | 0 | |8 2 |a n.s. |b fasc. |i (year) |
| 853 | 0 | 0 | |8 3 |a n.s. |i (year) |
| 856 | 4 | 0 | |z Full text available from PRISMA Database with HAPI Index: 01/01/2002 to 01/31/2002 |u https://search.proquest.com/publication/2032648 |
| 856 | 4 | 0 | |z Full text available from Research Library: 01/01/2002 to 01/31/2002 |u https://search.proquest.com/publication/2032099 |
| 863 | 4 | 0 | |8 1 |a <1>- |i <1951>- |x provisional |
| 863 | 4 | 0 | |8 2 |a <9>- |i <1968>- |x provisional |
| 863 | 4 | 0 | |8 3 |a <20/22>- |i <1987>- |x provisional |